LEADER 02323nam0 22004693i 450 001 VAN0249392 005 20230531084417.348 017 70$2N$a9783030501808 100 $a20220830d2020 |0itac50 ba 101 $aeng 102 $aCH 105 $a|||| ||||| 200 1 $aLectures on Convex Geometry$fDaniel Hug, Wolfgang Weil 210 $aCham$cSpringer$d2020 215 $axviii, 287 p.$cill.$d24 cm 410 1$1001VAN0023579$12001 $aGraduate texts in mathematics$1210 $aNew York [etc.]$cSpringer$v286 500 1$3VAN0249393$aLectures on Convex Geometry$92905459 606 $a52-XX$xConvex and discrete geometry [MSC 2020]$3VANC019811$2MF 606 $a52A20$xConvex sets in $n$ dimensions (including convex hypersurfaces) [MSC 2020]$3VANC023130$2MF 606 $a52A39$xMixed volumes and related topics in convex geometry [MSC 2020]$3VANC023203$2MF 606 $a53A05$xSurfaces in Euclidean and related space [MSC 2020]$3VANC023814$2MF 606 $a26A51$xConvexity of real functions in one variable, generalizations [MSC 2020]$3VANC028644$2MF 606 $a52A38$xLength, area, volume (aspects of convex geometry) [MSC 2020]$3VANC028779$2MF 606 $a52B05$xCombinatorial properties (number of faces, shortest paths, etc.) [MSC 2020]$3VANC033552$2MF 606 $a52A10$xConvex sets in $2$ dimensions (including convex curves) [MSC 2020]$3VANC037115$2MF 610 $aBrunn-Minkowski theory$9KW:K 610 $aConvex sets and functions$9KW:K 610 $aIntegral geometry$9KW:K 610 $aValuations$9KW:K 610 $aZonoids$9KW:K 620 $aCH$dCham$3VANL001889 700 1$aHug$bDaniel$3VANV046527$01065686 701 1$aWeil$bWolfgang$3VANV046529$0297890 712 $aSpringer $3VANV108073$4650 801 $aIT$bSOL$c20240614$gRICA 856 4 $uhttp://doi.org/10.1007/978-3-030-50180-8$zE-book ? Accesso al full-text attraverso riconoscimento IP di Ateneo, proxy e/o Shibboleth 899 $aBIBLIOTECA DEL DIPARTIMENTO DI MATEMATICA E FISICA$1IT-CE0120$2VAN08 912 $fN 912 $aVAN0249392 950 $aBIBLIOTECA DEL DIPARTIMENTO DI MATEMATICA E FISICA$d08CONS e-book 4716 $e08eMF4716 20220830 996 $aLectures on Convex Geometry$92905459 997 $aUNICAMPANIA LEADER 03739nam0 2200685 i 450 001 VAN00124284 005 20240806100816.15 017 70$2N$a9783319681030 100 $a20191014d2017 |0itac50 ba 101 $aeng 102 $aCH 105 $a|||| ||||| 200 1 $aAlgebraic Modeling of Topological and Computational Structures and Applications$eTHALES, Athens, Greece, July 1-3, 2015$fSofia Lambropoulou ... [et al.] editors 210 $aCham$cSpringer$d2017 215 $axv, 482 p.$cill.$d24 cm 410 1$1001VAN00102574$12001 $aSpringer proceedings in mathematics & statistics$1210 $aBerlin [etc.]$cSpringer$d2012-$v219 500 1$3VAN00235378$aAlgebraic Modeling of Topological and Computational Structures and Applications$91563060 606 $a00Axx$xGeneral and miscellaneous specific topics [MSC 2020]$3VANC027112$2MF 606 $a00Bxx$xConference proceedings and collections of articles [MSC 2020]$3VANC021742$2MF 606 $a03-XX$xMathematical logic and foundations [MSC 2020]$3VANC019750$2MF 606 $a05Exx$xAlgebraic combinatorics [MSC 2020]$3VANC031106$2MF 606 $a11Gxx$xArithmetic algebraic geometry (Diophantine geometry) [MSC 2020]$3VANC021463$2MF 606 $a12Dxx$xReal and complex fields [MSC 2020]$3VANC022139$2MF 606 $a13Axx$xGeneral commutative ring theory [MSC 2020]$3VANC020708$2MF 606 $a14Hxx$xCurves in algebraic geometry [MSC 2020]$3VANC021765$2MF 606 $a16Sxx$xAssociative rings and algebras arising under various constructions [MSC 2020]$3VANC025059$2MF 606 $a20Cxx$xRepresentation theory of groups [MSC 2020]$3VANC019743$2MF 606 $a20Fxx$xSpecial aspects of infinite or finite groups [MSC 2020]$3VANC023970$2MF 606 $a37Bxx$xTopological dynamics [MSC 2020]$3VANC029254$2MF 606 $a42Axx$xHarmonic analysis in one variable [MSC 2020]$3VANC020407$2MF 606 $a55Pxx$xHomotopy theory [MSC 2020]$3VANC024159$2MF 606 $a55Sxx$xOperations and obstructions in algebraic topology [MSC 2020]$3VANC024250$2MF 606 $a57-XX$xManifolds and cell complexes [MSC 2020]$3VANC019671$2MF 606 $a68-XX$xComputer science [MSC 2020]$3VANC019670$2MF 606 $a82-XX$xStatistical mechanics, structure of matter [MSC 2020]$3VANC021931$2MF 606 $a92Bxx$xMathematical biology in general [MSC 2020]$3VANC021467$2MF 610 $aAlgebra and computer science$9KW:K 610 $aAlgebraic modeling$9KW:K 610 $aApplications to natural sciences$9KW:K 610 $aBraids$9KW:K 610 $aCombinatorics$9KW:K 610 $aJones polynomial$9KW:K 610 $aKnot algebra$9KW:K 610 $aKnot theory$9KW:K 610 $aNumber theory$9KW:K 610 $aPolymer entanglements$9KW:K 610 $aSlow dimensional topology$9KW:K 610 $aTopology$9KW:K 620 $aCH$dCham$3VANL001889 702 1$aLambropoulou$bSofia$3VANV095721 712 12$aTHALES Workshop on Algebraic modeling of topological and computational structures and applications$f2015; Athens$3VANV095722 712 $aSpringer $3VANV108073$4650 801 $aIT$bSOL$c20250613$gRICA 856 4 $uhttp://doi.org/10.1007/978-3-319-68103-0$zE-book ? Accesso al full-text attraverso riconoscimento IP di Ateneo, proxy e/o Shibboleth 899 $aBIBLIOTECA DEL DIPARTIMENTO DI MATEMATICA E FISICA$1IT-CE0120$2VAN08 912 $fN 912 $aVAN00124284 950 $aBIBLIOTECA DEL DIPARTIMENTO DI MATEMATICA E FISICA$d08DLOAD e-book 0543 $e08eMF543 20191014 996 $aAlgebraic Modeling of Topological and Computational Structures and Applications$91563060 997 $aUNICAMPANIA